000 00600nam a2200229Ia 4500
003 OSt
005 20221007073430.0
006 a|||||r|||| 00| 0
007 ta
008 221006b |||||||| |||| 00| 0 eng d
024 _a6,975
037 _cTextual
040 _aFLL
_cFLL
_beng
041 _2eng
_aeng
082 _aZ2:94, L3.2
100 _aRaju V.B. Au.
_9685879
245 0 _aIndian evidence act, 1872
260 _aLucknow
_bEastern book company India
_c1973
300 _a2027p
_ccm.
942 _hZ2:94, L3.2
_cTEXL
_2CC
999 _c1148733
_d1148733